000 00386pab a2200157 454500
008 180718b1999 xxu||||| |||| 00| 0 eng d
100 _aRathore, P.B.
245 _aThe role of women in national politics
260 _c1999
300 _ap.42-43
362 _aMar
650 _aWomen in politics - India
650 _aWomen in politics
773 _aPolitics India
909 _a40320
999 _c40320
_d40320